000 00574nam a2200217Ia 4500
001 1546
003 GE_BSU
008 181216s||||||||xx |||||||||||||| ||und||
040 _cGE_BSU
080 _a796.5(075.8)
100 _aМоргунов,Б.П.
245 _aТуризм
245 _bУчебное пособие для студентов по спец."Физическое воспитание
260 _aМосква
260 _bПрогресс
260 _c1978
300 _a168стр.
541 _h5л.
653 _aТуризм
942 _cBK
999 _c35673
_d35673